New Strategies in Higher Education Marketing /

Gespeichert in:
Bibliographische Detailangaben
Weitere Verfasser: Hayes, Thomas J. (Herausgegeben von)
Format: Buch
Sprache:Englisch
Veröffentlicht: New York Routledge 2016
Ausgabe:1. vyd.
Schlagworte:
Tags: Tag hinzufügen
Keine Tags, Fügen Sie das erste Tag hinzu!

MARC

LEADER 00000nam a22000003a 4500
001 0072475
003 SK-STU
005 20190327081615.2
007 ta
008 190327s ----xo-----e------000-0-----d
020 |a 978-1-138-97713-6 
040 |a STU  |b slo 
041 0 |a eng 
044 |a xxu 
100 1 |a Hayes, Thomas J.  |4 edt 
245 1 0 |a New Strategies in Higher Education Marketing /  |c ed. Thomas J Hayes 
250 |a 1. vyd. 
260 |a New York  |b Routledge  |c 2016 
300 |a 185 s. 
650 0 7 |a vysokoškolské vzdelávanie 
996 |b 284M088113  |c M* 14239-1  |l MMKN  |s A  |a 24  |w 0072475_0001